[Event "Rouen op 9th"]
[Site "Rouen"]
[Date "2016.12.20"]
[Round "7"]
[White "Coquelin, Jonathan"]
[Black "Cernettig, Michel"]
[Result "1-0"]
[WhiteElo "1439"]
[BlackElo "1398"]
[PlyCount "63"]
[EventDate "2016.12.17"]
[EventType "swiss"]
[EventRounds "7"]
[EventCountry "FRA"]
[SourceTitle "CBM 176 Extra"]
[Source "ChessBase"]
[SourceDate "2017.03.02"]
[SourceVersion "1"]
[SourceVersionDate "2017.03.02"]
[SourceQuality "1"]

1. d4 Nf6 2. c4 e6 3. Nc3 Bb4 4. Bd2 0-0 5. e3 b6 6. Bd3 Bb7 7. Nf3 c5 8. 0-0 d5 9. cxd5 Nxd5 10. Qc2 cxd4 11. Nxd5 Bxd2 12. Nc7 dxe3 13. Nxd2 Qg5 14. Ne4 exf2+ 15. Rxf2 Qg6 16. Ng3 f5 17. Nxa8 Bxa8 18. Qc4 Bd5 19. Qc3 Qf6 20. Qxf6 Rxf6 21. a3 Nc6 22. Nh5 Rf8 23. Nf4 Bb3 24. Re1 e5 25. Ne2 e4 26. Bb5 Ne5 27. Ref1 g6 28. Nd4 Rf6 29. Nxb3 Ng4 30. Re2 e3 31. h3 Nf2 32. Rxe3 1-0

[Event "Rouen op 9th"]
[Site "Rouen"]
[Date "2016.12.19"]
[Round "5"]
[White "Lefebvre, Willy"]
[Black "Cernettig, Michel"]
[Result "0-1"]
[WhiteElo "1527"]
[BlackElo "1398"]
[PlyCount "69"]
[EventDate "2016.12.17"]
[EventType "swiss"]
[EventRounds "7"]
[EventCountry "FRA"]
[SourceTitle "CBM 176 Extra"]
[Source "ChessBase"]
[SourceDate "2017.03.02"]
[SourceVersion "1"]
[SourceVersionDate "2017.03.02"]
[SourceQuality "1"]

1. e4 c5 2. Na3 a6 3. Nf3 d6 4. c3 Nc6 5. d4 e6 6. dxc5 dxc5 7. Qxd8+ Kxd8 8. Be2 Be7 9. Nc4 b5 10. Nce5 Nxe5 11. Nxe5 Ke8 12. Nc6 Bd6 13. e5 Bc7 14. b4 Bb7 15. Bf3 Ne7 16. Nxe7 Bxf3 17. gxf3 Kxe7 18. Bg5+ f6 19. exf6+ gxf6 20. Be3 c4 21. Bc5+ Kf7 22. 0-0-0 Rad8 23. Kc2 Rhg8 24. h3 Rxd1 25. Rxd1 Rd8 26. Rd4 Rxd4 27. Bxd4 Kg6 28. Kd2 Bf4+ 29. Be3 Bxe3+ 30. fxe3 Kh5 31. Ke2 Kh4 32. f4 Kxh3 33. Kf3 f5 34. e4 h5 35. e5 0-1